000
00217 a2200097 4500
001
41251
100
_a
Vincent, A
245
_a
Teh long road home
260
_a
London
_b
George allen & unwin
_c
090
_c
25461
_d
25461
942
_a
NUST-CAE
_c
M
_c
17182
999
_c
276324
_d
276324